| 000 | 00460nam a2200157 i 4500 | ||
|---|---|---|---|
| 001 | 48903 | ||
| 003 | ES-MaACL | ||
| 005 | 20230906161837.0 | ||
| 007 | t| | ||
| 008 | 030702s1962 sp ||||1| spa d | ||
| 100 | 1 |
_aCórdoba Roda, Juan. _940552 |
|
| 245 | 1 | 3 |
_aEl conocimiento de la antijuricidad en la teoría del delito / _cJuan Córdoba Roda. |
| 260 |
_aBarcelona : _bBosch, _c[1962] |
||
| 300 |
_a150 p. ; _c24 cm. |
||
| 852 |
_aES-MaACL _jC-21894 _bR.50058 |
||
| 999 |
_c48903 _d48903 |
||